000 00640nam a2200229Ia 4500
001 1126
003 GE_BSU
008 181216s||||||||xx |||||||||||||| ||und||
040 _cGE_BSU
080 _a81(075.8)
100 _aФедоров,А.В.
245 _aОсновы общей теории перевода
245 _bЛингвистические проблемы
250 _a4-е перер. и допол.
260 _aМосква
260 _bВысшая школа
260 _c1983
300 _a303стр.
541 _h8л.
653 _aОсновы общей теории перевода
942 _cBK
999 _c35277
_d35277